ARRUPE JESUIT UNIVERSITY

CORONAVIRUS -STOP THE SPREAD - CLEAN,DISINFECT,COVER

Sexualité et foi : (Record no. 127658)

MARC details
000 -LEADER
fixed length control field 00786nam a2200241 a 4500
001 - CONTROL NUMBER
control field 1888285
003 - CONTROL NUMBER IDENTIFIER
control field ARRUPE
005 - DATE AND TIME OF LATEST TRANSACTION
control field 20180315121730.0
008 - FIXED-LENGTH DATA ELEMENTS--GENERAL INFORMATION
fixed length control field 830827s1983 fr b 000 0 fre
010 ## - LIBRARY OF CONGRESS CONTROL NUMBER
LC control number 83193239
020 ## - INTERNATIONAL STANDARD BOOK NUMBER
International Standard Book Number 2204019925 :
Terms of availability 152F
040 ## - CATALOGING SOURCE
Original cataloging agency DLC
Transcribing agency DLC
Modifying agency DLC
050 00 - LIBRARY OF CONGRESS CALL NUMBER
Classification number BT708
Item number .D87 1983
082 00 - DEWEY DECIMAL CLASSIFICATION NUMBER
Classification number 241/.66
Edition number 19
300 ## - PHYSICAL DESCRIPTION
Dimensions 22 cm.
100 1# - MAIN ENTRY--PERSONAL NAME
Personal name Durand, Guy,
Dates associated with a name 1933-
9 (RLIN) 40665
245 10 - TITLE STATEMENT
Title Sexualité et foi :
Remainder of title synthèse de théologie morale /
Statement of responsibility, etc Guy Durand.
260 ## - PUBLICATION, DISTRIBUTION, ETC. (IMPRINT)
Place of publication, distribution, etc Paris :
Name of publisher, distributor, etc Fides,
Date of publication, distribution, etc c1983.
300 ## - PHYSICAL DESCRIPTION
Extent 430 p. ;
440 #0 - SERIES STATEMENT/ADDED ENTRY--TITLE
Title Heritage et projet ;
Volume number/sequential designation 19
9 (RLIN) 40666
504 ## - BIBLIOGRAPHY, ETC. NOTE
Bibliography, etc Bibliography: p. [415]-425.
650 #0 - SUBJECT ADDED ENTRY--TOPICAL TERM
Topical term or geographic name as entry element Sex
General subdivision Religious aspects
-- Christianity.
9 (RLIN) 12625
906 ## - LOCAL DATA ELEMENT F, LDF (RLIN)
a 7
b cbc
c orignew
d 4
e ncip
f 19
g y-gencatlg
942 ## - ADDED ENTRY ELEMENTS (KOHA)
Source of classification or shelving scheme Library of Congress Classification
Koha item type Monograph ( Printed materials)
Holdings
Withdrawn status Lost status Source of classification or shelving scheme Damaged status Not for loan Collection code Home library Current library Shelving location Date acquired Total Checkouts Full call number Barcode Date last seen Price effective from Koha item type
    Library of Congress Classification     Main Collection ARRUPE LIBRARY ARRUPE LIBRARY Main Collection 15/03/2018   BT708 .D87 1983 46600000180 15/03/2018 15/03/2018 Monograph ( Printed materials)

 

Arrupe Library. PO Box MP320 Mt Pleasant, Harare, Zimbabwe
263 242 745411|librarian@aju.ac.zw